Health and safety : (Record no. 535041)

000 -LEADER
fixed length control field 03500cam a2200397 i 4500
001 - CONTROL NUMBER
control field 20714462
005 - DATE AND TIME OF LATEST TRANSACTION
control field 20200827140014.0
008 - FIXED-LENGTH DATA ELEMENTS--GENERAL INFORMATION
fixed length control field 180923t20192019enka b 001 0 eng c
010 ## - LIBRARY OF CONGRESS CONTROL NUMBER
LC control number 2018036918
020 ## - INTERNATIONAL STANDARD BOOK NUMBER
International Standard Book Number 9781138349216 (pbook)
020 ## - INTERNATIONAL STANDARD BOOK NUMBER
International Standard Book Number 9781138349285 (hardback)
020 ## - INTERNATIONAL STANDARD BOOK NUMBER
Canceled/invalid ISBN 9780429436376 (ebook)
020 ## - INTERNATIONAL STANDARD BOOK NUMBER
Canceled/invalid ISBN 9780429790768
Qualifying information ebook
040 ## - CATALOGING SOURCE
Original cataloging agency LBSOR/DLC
Language of cataloging eng
Transcribing agency LBSOR
Description conventions rda
Modifying agency DLC
042 ## - AUTHENTICATION CODE
Authentication code pcc
050 00 - LIBRARY OF CONGRESS CALL NUMBER
Classification number T55
Item number .B695 2019
082 00 - DEWEY DECIMAL CLASSIFICATION NUMBER
Classification number 658.4/08
Edition number 23
100 1# - MAIN ENTRY--PERSONAL NAME
Personal name Boyle, Tony
Titles and words associated with a name (Health and safety consultant),
Relator term author.
9 (RLIN) 29532
245 10 - TITLE STATEMENT
Title Health and safety :
Remainder of title risk management /
Statement of responsibility, etc. Dr Tony Boyle.
250 ## - EDITION STATEMENT
Edition statement Fifth edition.
264 #1 - PRODUCTION, PUBLICATION, DISTRIBUTION, MANUFACTURE, AND COPYRIGHT NOTICE
Place of production, publication, distribution, manufacture Abingdon, Oxon ;
-- New York, NY :
Name of producer, publisher, distributor, manufacturer Routledge, Taylor & Francis Group,
Date of production, publication, distribution, manufacture, or copyright notice 2019.
264 #4 - PRODUCTION, PUBLICATION, DISTRIBUTION, MANUFACTURE, AND COPYRIGHT NOTICE
Date of production, publication, distribution, manufacture, or copyright notice ©2019
300 ## - PHYSICAL DESCRIPTION
Extent xi, 498 pages :
Other physical details illustrations ;
Dimensions 26 cm
336 ## - CONTENT TYPE
Content type term text
Source rdacontent
337 ## - MEDIA TYPE
Media type term unmediated
Source rdamedia
338 ## - CARRIER TYPE
Carrier type term volume
Source rdacarrier
520 ## - SUMMARY, ETC.
Summary, etc. "Health and Safety: Risk Management is the clearest and most comprehensive book on risk management available today. This newly revised fifth edition takes into account new developments in legislation, standards and good practice. ISO 45001, the international health and safety management system Standard is given comprehensive treatment, and the latest ISO 9004 and ISO 19011 have also been addressed. The book is divided into four main parts. Part 1.1 begins with a basic introduction to the techniques of health and safety risk management and continues with a description of ISO 45001. Part 1.2 covers basic human factors including how the sense organs work and the psychology of the individual. Part 2.1 deals with more advanced techniques of risk management including advanced incident investigation, audit and risk assessment, and Part 2.2 covers a range of advanced human factors topics including human error and decision making. This authoritative treatment of health and safety risk management is essential reading for both students working towards degrees, diplomas and postgraduate or vocational qualifications, and experienced health and safety professionals, who will find it invaluable as a reference"--
Assigning source Provided by publisher.
504 ## - BIBLIOGRAPHY, ETC. NOTE
Bibliography, etc. note Includes bibliographical references and index.
505 0# - FORMATTED CONTENTS NOTE
Formatted contents note Risk management: setting the scene -- Key elements of risk management -- Risk assessment -- Risk control -- Safe systems of work -- Monitoring and measuring losses -- Identifying causes and patterns -- Monitoring and measuring conformity -- Other elements of occupational health and safety management systems -- Communication and training -- The individual: sensory and perceptual processes -- The individual: psychology -- The human factors environment -- Management systems -- Measuring performance -- Advanced accident investigation and risk assessment -- Advanced risk control techniques -- Emergency planning -- Advanced audit and review -- Financial issues -- Individual differences -- Human error -- Perception and decision making -- External influences on human error -- Improving human reliability.
650 #0 - SUBJECT ADDED ENTRY--TOPICAL TERM
Topical term or geographic name entry element Industrial safety
General subdivision Management.
9 (RLIN) 29533
650 #0 - SUBJECT ADDED ENTRY--TOPICAL TERM
Topical term or geographic name entry element Industrial hygiene
General subdivision Management.
9 (RLIN) 29534
906 ## - LOCAL DATA ELEMENT F, LDF (RLIN)
a 7
b cbc
c orignew
d 1
e ecip
f 20
g y-gencatlg
925 0# -
-- acquire
-- 1 shelf copy
-- policy default
955 ## - COPY-LEVEL INFORMATION (RLIN)
-- rk21 2018-10-26 to Dewey
-- xm06 2018-10-29
-- rl06 2019-04-26 to CALM
985 ## -
-- LBSORCIP
-- 2018-10-22
Holdings
Withdrawn status Lost status Source of classification or shelving scheme Damaged status Not for loan Permanent Location Current Location Date acquired Total Checkouts Full call number Barcode Date last seen Price effective from Date last checked out Koha item type
          Institute of Environmental Science and Engineering (IESE) Institute of Environmental Science and Engineering (IESE) 09/04/2020 3 658.408 BOY IESE-3967 06/23/2025 09/04/2020 09/12/2024 Book
          School of Civil and Environmental Engineering (SCEE) School of Civil and Environmental Engineering (SCEE) 08/27/2020   658.408 BOY NIT-13112 08/27/2020 08/27/2020    
© 2023 Central Library, National University of Sciences and Technology. All Rights Reserved.